| 000 | 01070nam a2200277Ia 4500 | ||
|---|---|---|---|
| 003 | OSt | ||
| 005 | 20220923211523.0 | ||
| 006 | a|||||r|||| 00| 0 | ||
| 007 | ta | ||
| 008 | 220922b |||||||| |||| 00| 0 hin d | ||
| 020 |
_a9789380913285 (hbk) _c800 |
||
| 024 | _a336,261 | ||
| 037 |
_b252, 13/03/2018, Shivalik Prakashan _cTextual |
||
| 040 |
_aARTS _cARTS _bhin |
||
| 041 |
_2hin _ahin |
||
| 082 | _aO152,3M80:g(Y5927), Q6 | ||
| 100 |
_aशिंदे, मारूती, ले. _9156349 |
||
| 245 | 0 | _aदलित साहित्य और प्रेमचंद | |
| 246 | _aDalit sāhitya aur premachanda | ||
| 260 |
_aकानपुर _b दिव्य डिस्ट्रªीब्यूटर्स _c2016 |
||
| 300 |
_a280पृ. _ccm. |
||
| 650 | _a दलित साहित्य | ||
| 650 |
_aहिन्दी साहित्य _9156264 |
||
| 942 |
_hO152,3M80:g(Y5927), Q6 _cTEXL _2CC |
||
| 999 |
_c300358 _d300358 |
||